| 000 -ლიდერი |
| ფიქსირებული სიგრძის საკონტროლო ველი |
01423nam a22002177a 4500 |
| 003 - საკონტროლო ნომრის იდენტიფიკატორი |
| საკონტროლო ველი |
Ge_BSU |
| 005 - ბოლო ოპერაციის თარიღი და დრო |
| საკონტროლო ველი |
20250502161430.0 |
| 008 - ფიქსირებული სიგრძის მონაცემთა ელემენტები - ზოგადი ინფორმაცია |
| ფიქსირებული სიგრძის საკონტროლო ველი |
250502s2009 ge ||||| |||| 00| 0 geo d |
| 020 ## - წიგნის საერთაშორისო სტანდარტული ნომერი |
| International Standard Book Number |
9789941412080 |
| 041 ## - ენის კოდი |
| Language code of text/sound track or separate title |
geo |
| 080 ## - უნივერსალური ათობითი კლასიფიკაციის ინდექსი |
| Universal Decimal Classification number |
633.72:631.445.62 ც-37 |
| 100 ## - მთავარი ჩანაწერი - პიროვნების სახელი |
| Personal name |
ცენტერაძე, იამზე |
| 9 (RLIN) |
25002 |
| 245 ## - ცნობა სათაურის შესახებ |
| Title |
ანთროპოგენური ფაქტორების გავლენა ჩაის პლანტაციებში წითელმიწების აგროფიზიკურ თვისებებზე : |
| Remainder of title |
ეძღვნება მიხეილ დარასელიას ხსოვნას : [მონოგრაფია] / |
| Statement of responsibility, etc |
იამზე ცენტერაძე ; [რედ. ვალერიან ცანავა]. |
| 264 ## - წარმოების, გამოცემის, დისტრიბუციის და სხვა ცნობები |
| გამოცემის, წარმოების, დისტრიბუციის... ადგილი |
ბათუმი : |
| გამოცემის, წარმოების, დისტრიბუციის... სახელწოდება |
შოთა რუსთაველის სახელმწ. უნ-ტის გამ-ბა, |
| გამოცემის, წარმოების, დისტრიბუციის... თარიღი |
2009. |
| 300 ## - ფიზიკური აღწერა |
| Extent |
144გვ. : |
| Other physical details |
ცხრ., სურ., ნახ. ; |
| Dimensions |
19 სმ. |
| 504 ## - BIBLIOGRAPHY, ETC. NOTE |
| Bibliography, etc |
ბიბლიოგრ.: გვ. 122-130. |
| 520 ## - SUMMARY, ETC. |
| Summary, etc |
რეზ. რუს. და ინგლ. |
| 653 ## - INDEX TERM--UNCONTROLLED |
| Uncontrolled term |
ჩაის პლანტაციების წითელმიწა ნიადაგები |
| 700 ## - ADDED ENTRY--PERSONAL NAME |
| Personal name |
ცანავა, ვალერიან |
| Relator term |
რედაქტორი |
| 9 (RLIN) |
23 |
| 942 ## - ADDED ENTRY ELEMENTS (KOHA) |
| Source of classification or shelving scheme |
|
| Koha item type |
წიგნი |